LEADER 02652nam 22006734a 450 001 9910455795003321 005 20200520144314.0 010 $a1-57441-427-5 010 $a1-4337-1040-4 010 $a1-4175-1504-X 035 $a(CKB)111090529248478 035 $a(EBL)316094 035 $a(OCoLC)614685548 035 $a(SSID)ssj0000246243 035 $a(PQKBManifestationID)11208520 035 $a(PQKBTitleCode)TC0000246243 035 $a(PQKBWorkID)10181163 035 $a(PQKB)11621111 035 $a(MiAaPQ)EBC316094 035 $a(OCoLC)55610367 035 $a(MdBmJHUP)muse9998 035 $a(Au-PeEL)EBL316094 035 $a(CaPaEBR)ebr10062658 035 $a(OCoLC)935264475 035 $a(EXLCZ)99111090529248478 100 $a20021024d2002 uy 0 101 0 $aeng 135 $aur|n|---||||| 181 $ctxt 182 $cc 183 $acr 200 10$aSinging mother home$b[electronic resource] $ea psychologist's journey through anticipatory grief /$fDonna S. Davenport 210 $aDenton, Tex. $cUniversity of North Texas Press$dc2002 215 $a1 online resource (185 p.) 300 $aDescription based upon print version of record. 311 $a1-57441-162-4 320 $aIncludes bibliographical references (p. 155-157). 327 $aSinging Mother Home; Contents; Foreword; Acknowledgments; Introduction; Family Tree; Staying Connected through the Loss; photo gallery; Anticipatory Grief; Post-Bereavement Grief; Suggested Further Reading; References 330 $aA therapist and expert on grief is faced with the slow decline of her beloved mother. She imparts to the reader lessons learned, both personal and professional, in anticipating grief and the loss of a loved one. "This is a unique book by a professional who understands the field of loss and grief. . . . Poignantly heartbreaking."-Melba Vasquez, President, American Psychology Association's Division on Counseling Psychology 606 $aGrief 606 $aBereavement$xPsychological aspects 606 $aLoss (Psychology) 606 $aMothers$xDeath$xPsychological aspects 606 $aMothers and daughters 608 $aElectronic books. 615 0$aGrief. 615 0$aBereavement$xPsychological aspects. 615 0$aLoss (Psychology) 615 0$aMothers$xDeath$xPsychological aspects. 615 0$aMothers and daughters. 676 $a155.9/37 700 $aDavenport$b Donna S$01054831 801 0$bMiAaPQ 801 1$bMiAaPQ 801 2$bMiAaPQ 906 $aBOOK 912 $a9910455795003321 996 $aSinging mother home$92487762 997 $aUNINA LEADER 03398nam 2200601 450 001 9910798249603321 005 20230808192253.0 010 $a1-4422-6255-9 035 $a(CKB)3710000000621355 035 $a(EBL)4455821 035 $a(SSID)ssj0001635881 035 $a(PQKBManifestationID)16388983 035 $a(PQKBTitleCode)TC0001635881 035 $a(PQKBWorkID)14940491 035 $a(PQKB)11716427 035 $a(MiAaPQ)EBC4455821 035 $a(DLC) 2016013058 035 $a(EXLCZ)993710000000621355 100 $a20160606h20162016 uy 0 101 0 $aeng 135 $aur|n|---||||| 181 $ctxt 182 $cc 183 $acr 200 00$aMarketing and outreach for the academic library $enew approaches and initiatives /$fedited by Bradford Lee Eden 210 1$aLanham, Maryland :$cRowman & Littlefield,$d2016. 210 4$dİ2016 215 $a1 online resource (165 p.) 225 1 $aCreating the 21st-Century Academic Library ;$v7 300 $aDescription based upon print version of record. 311 $a1-4422-6254-0 311 $a1-4422-6253-2 320 $aIncludes bibliographical references at the end of each chapters and index. 327 $aMaking social media worth it : planning and implementation for a small institution / Kaela Casey, Laura Worden -- Library spaces : inspiration and collaboration / Susan Van Alstyne -- Events and extravaganzas at Cunningham Memorial Library / Karen Evans -- Librarians as event coordinators : building partnerships and engagement through user-centered programs / Joe Clark -- Digital engagement in delivering library services : a case study from the State Library of New South Wales / Kathryn Barwick, Mylee Joseph -- From idea to Instagram : how an academic library marketing committee created a character for the YouTube generation / Joyce Garczynski, Laksamee Putnam, Lisa Woznicki -- Promoting digital library services through workshops / Tracy C. Bergstrom, Alexander Papson -- It's the end of the world as we know it, or is it? : looking beyond the new librarianship paradigm / Rebecca Parker, Dana McKay -- Embedded librarians : case studies from Loyola University New Orleans / Teri Gallaway, Elizabeth Kelly, Brian Sullivan, Malia Willey -- Democratizing digital : the Highway 89 Digital Collection and the promise of inclusive online collaboration / Brad Cole, Clint Pumphrey, Liz Woolcott. 330 $aVolume 7 of the series Creating the 21st-Century Academic Library is focused on new approaches and initiatives in marketing the academic library, as well as the importance of outreach through partnerships and collaborations both internal and external to the library. 410 0$aCreating the 21st-century academic library ;$v7. 606 $aAcademic libraries$xMarketing 606 $aAcademic libraries$xPublic relations 606 $aLibrary outreach programs 606 $aAcademic libraries$vCase studies 615 0$aAcademic libraries$xMarketing. 615 0$aAcademic libraries$xPublic relations. 615 0$aLibrary outreach programs. 615 0$aAcademic libraries 676 $a025.1/977 702 $aEden$b Bradford Lee 801 0$bMiAaPQ 801 1$bMiAaPQ 801 2$bMiAaPQ 906 $aBOOK 912 $a9910798249603321 996 $aMarketing and outreach for the academic library$93733624 997 $aUNINA